Matisse : œuvres de Henri Matisse, 1869-1954 : catalogue /

Bibliographic Details
Corporate Author: Musée national d'art moderne (France)
Other Authors: Matisse, Henri, 1869-1954, Monod-Fontaine, Isabelle
Format: Book
Language:French
Published: [Paris] : Centre Georges Pompidou, [1979]
Series:Collections du Musée national d'art moderne.
Subjects:

MARC

Tag First Indicator Second Indicator Subfields
LEADER 00000cam a2200000 i 4500
001 in00000075195
005 20151008060348.0
008 800703s1979 fr a bc 00010 frem
010 |a  80107535  
015 |a F*** 
020 |a 2858500223 :  |c 100F 
035 |a (OCoLC)06555795 
035 |9 AAJ5599AM 
040 |a DLC  |c DLC  |d m.c.  |d TXA  |d UtOrBLW 
043 |a e-fr--- 
049 |a TXAM  |c [933268] 
050 0 0 |a N6853.M33  |b A4 1979 
082 0 |a 709/.2/4  |2 19 
110 2 |a Musée national d'art moderne (France) 
245 1 0 |a Matisse :  |b œuvres de Henri Matisse, 1869-1954 : catalogue /  |c établi par Isabelle Monod-Fontaine. 
264 1 |a [Paris] :  |b Centre Georges Pompidou,  |c [1979] 
300 |a 191 pages :  |b illustrations (some color) ;  |c 30 cm. 
336 |a text  |b txt  |2 rdacontent 
337 |a unmediated  |b n  |2 rdamedia 
338 |a volume  |b nc  |2 rdacarrier 
490 1 |a Collections du Musée national d'art moderne 
504 |a Bibliography: pages 178-185. 
600 1 0 |a Matisse, Henri,  |d 1869-1954. 
610 2 0 |a Musée national d'art moderne (France)  |x Catalogs. 
700 1 |a Matisse, Henri,  |d 1869-1954. 
700 1 |a Monod-Fontaine, Isabelle. 
810 2 |a Musée national d'art moderne (France).  |t Collections du Musée national d'art moderne. 
830 0 |a Collections du Musée national d'art moderne. 
999 |a MARS 
999 f f |s cae6afab-d1c0-39d8-b268-680fe36b6979  |i ad06f210-6d46-3da3-970b-4c4fa08fb50e  |t 0 
952 f f |p ric  |a Texas A&M University  |b Rellis Campus  |c Joint Library Facility  |d Remote Storage  |t 0  |e N6853.M33 A4 1979  |h Library of Congress classification  |i unmediated -- volume  |m A14806166584 
998 f f |a N6853.M33 A4 1979  |t 0  |l Remote Storage